The Beatles Trivia - Statistics

General Stats
  • This quiz has been taken 200 times
    146 since last reset
  • The average score is 10 of 11
Answer Stats
Hint Answer % Correct
"We're more famous than _____ now." - John Lennon Jesus
94%
City in which John Lennon died New York City
94%
The band's drummer before Ringo Starr Pete Best
94%
The name of their first album Please Please Me
94%
City in Germany where the band played their first gigs Hamburg
92%
The song which famously holds the acronym "LSD" Lucy in the Sky with Diamonds
92%
The band's name before "The Beatles" The Quarrymen
91%
Type of Indian guitar that George Harrison introduced to the band Sitar
89%
Producer for the Beatles George Martin
85%
The name of John Lennon's older son Julian Lennon
83%
George Harrison's cause of death Lung cancer
83%
No matching quizzes found
Score Distribution
Percent of People with Each Score
Percentile by Number Answered
Your Score History
You have not taken this quiz since the last reset